| 000 | 00630nam a2200205 4500 | ||
|---|---|---|---|
| 999 |
_c13404 _d13404 |
||
| 003 | MIRAKIL | ||
| 005 | 20190710145241.0 | ||
| 008 | 190710b tu ||||| |||| 00| 0 tur d | ||
| 020 | _a97588 | ||
| 040 |
_aTR-AnCHP _cTR-AnCHP |
||
| 041 | _atur | ||
| 082 |
_a306.4 _bK23k 2003 |
||
| 100 | 1 | _aKahraman, Hasan Bülent | |
| 245 | 1 | 0 |
_aKitle kültürü kitlelerin afyonu / _cHasan Bülent Kahraman. |
| 260 |
_aİstanbul: _bAgora Kitaplığı, _c2003. _fKitap Matbaacılık |
||
| 300 |
_a302 s.: _c20 sm. |
||
| 490 | 0 |
_aAgora ; _aKültürel çalışmalar ; _v1. _v1. |
|
| 650 | 0 |
_95879 _aPopüler kültür _xTürkiye |
|
| 942 |
_2ddc _cBKS |
||